|
|
|
|
| LEADER |
01256cam a2200277 a 4500 |
| 001 |
0000098449 |
| 005 |
20100127090000.0 |
| 040 |
|
|
|a mod
|
| 041 |
|
|
|a eng
|
| 020 |
0 |
0 |
|a 9789678918053
|
| 090 |
0 |
0 |
|a 343.59501
|b MAL
|e 2007
|
| 110 |
0 |
0 |
|a Malaysia
|
| 245 |
0 |
0 |
|a Akta Angkatan Tentera 1972 (Akta 77)
|b hingga 1hb Ogos 2007
|c disusun oleh Lembaga Penyelidikan Undang-Undang
|
| 260 |
0 |
0 |
|a Petaling Jaya
|b International Law book Services
|c 2007
|
| 300 |
0 |
0 |
|a 210 p.
|c 24 cm
|
| 440 |
0 |
0 |
|a Undang-Undang Malaysia
|
| 650 |
0 |
0 |
|a Military law
|z Malaysia
|
| 710 |
0 |
0 |
|a Lembaga Penyelidikan Undang-Undang
|
| 852 |
0 |
0 |
|a 01
|
| 999 |
|
|
|a 0271027
|b PULAPOT
|d BOOKS
|e Rujukan
|f PULAPOT
|j AVAILABLE
|q GOOD CONDITION
|
| 999 |
|
|
|a 0271601
|b TUDM Gong Kedak
|d BOOKS
|e Rujukan
|f TUDM Gong Kedak
|j AVAILABLE
|q GOOD CONDITION
|
| 999 |
|
|
|a 0281669
|b 21 MGGK
|d BOOKS
|e Rujukan
|f Markas Garison Mersing
|j AVAILABLE
|q GOOD CONDITION
|
| 999 |
|
|
|a 0281670
|b 21 MGGK
|d BOOKS
|e Rujukan
|f Markas Garison Mersing
|j AVAILABLE
|q GOOD CONDITION
|
| 999 |
|
|
|a 0281671
|b 21 MGGK
|d BOOKS
|e Rujukan
|f Markas Garison Mersing
|j AVAILABLE
|q GOOD CONDITION
|
| 999 |
|
|
|a 0281672
|b 21 MGGK
|d BOOKS
|e Rujukan
|f Markas Garison Mersing
|j AVAILABLE
|q GOOD CONDITION
|
| 999 |
|
|
|a 0283787
|b MAWILLA I
|d BOOKS
|e Rujukan
|f MAWILLA 1
|j AVAILABLE
|q GOOD CONDITION
|